• 首页
  • 本馆介绍
  • 公告通知
  • 最新文献
  • 馆藏检索
  • 电子资源
  • 读者导购
  • 参考咨询
  • 我的图书馆
  • 登录
  • 详细信息显示
  • 放入我的书架
  • 预约/预借图书
  • 作者相关作品
  • 分类相关作品
  • 丛书相关作品
  • 出版社相关作品

书目信息

  • 表格格式
  • 工作单格式
  • 卡片格式
书名: Introduction to cataloging and classification
作者: Bohdan S. Wynar.
分册号:
分册名:
出版地: Littleton, Colo. :
 
出版社: Libraries Unlimited
出版时间: 1985.
页数: xvi, 641 p. ;
开本: 25 cm.
丛书名: Library science text series
中图分类号:
科图分类号:
其他分类号: G254
主题词:
电子资源:
000 01268nam a2200469 a 4500
001 E0730998009
003 CAL
005 20070720083812.75
008 961226s1985 cou b 001 0 eng
020    @a0872874850 (pbk.).
020    @a0872875121.
040    @cSJT
050 0  @aZ693@b.W94 1985
082 0  @a025.3@219
090    @aG254
093    @aG254
099    @dG254@ex16=7
100 1  @aWynar, Bohdan S.
245 10 @aIntroduction to cataloging and classification / @cBohdan S. Wynar.
250    @a7th ed. / :@bby Arlene G. Taylor.
260    @aLittleton, Colo. :@bLibraries Unlimited,@c1985.
300    @axvi, 641 p. ;@c25 cm.
440  0 @aLibrary science text series
504    @aIncludes bibliographical references and index.
630  0 @aAnglo-American cataloguing rules.
650  0 @aCataloging.
700 1  @aTaylor, Arlene G.,@d1941-
920    @a231030@bG254@cW985I7@z1
920    @a211180@z2
920    @a212010@z1
920    @a212020@z1
920    @a211040@z1
920    @a244010@z1
920    @a237010@Z1@z2
920    @a243040@z1
920    @a223010@z1
920    @a261020@bG254@cW985i7@z1
920    @a242250@z2
920    @a231400@z2
920    @a251050@z1
920    @a211060@z1
998    @aSJT
    
    Introduction to cataloging and classification / / Bohdan S. Wynar.-7th ed. / : : by Arlene G. Taylor.-Littleton, Colo. : : Libraries Unlimited, , 1985.
    xvi, 641 p. ; ; 25 cm.- (Library science text series)
    Includes bibliographical references and index.
    
    ISBN 0872874850 (pbk.).
    
●
相关链接 在E读中查询图书 在五车中查询图书 在当当中查询图书 在豆瓣中查询图书


正题名:Introduction to cataloging and classification     索取号:G254/x16=7         预约/预借

序号 登录号 条形码 馆藏地/架位号 状态 备注
1 13418   300134183   第二样本阅览室/ [索取号:G254/x16=7] 在馆    
唐山师范学院图书馆 欢迎您!
大连网信软件有限公司© 版权所有